000 00340 a2200157 4500
001 183000
020 _a85-305-0200-0
040 _cMagnum
100 _aRocha, Ruth
240 1 0 _aBom dia, todas as cores !
_lpor
245 1 0 _aBom dia, todas as cores !
300 _a35
362 0 _a1998
697 _aLITERATURA INFANTO
942 _cBK
999 _c183000
_d183000